Portrait du locataire.

Nájomníci bývajú najmä v mestách. Sú to zväčša mladí ľudia, menej nároční. Ich byty sú často staré, menej komfortné a spoločné. Častejšie ich opúšťajú ako vlastníci. Traja z desiatich sa stávajú vlastníkmi. Vek a príjem tu hrajú dôležitú úlohu. Sťahovanie častejšie ako v domácnostiach s vyššími príj...

Descrizione completa

Salvato in:
Dettagli Bibliografici
Autore principale: Curci, G.
Natura: Capitolo di libro
Lingua:francese
Soggetti:
Tags: Aggiungi Tag
Nessun Tag, puoi essere il primo ad aggiungerne!!

MARC

LEADER 00000naa a2200000 4500
001 r005333
005 20221125091529.9
041 0 |a fre 
044 |a FR 
245 1 0 |a Portrait du locataire.  |c G. Curci 
520 |a Nájomníci bývajú najmä v mestách. Sú to zväčša mladí ľudia, menej nároční. Ich byty sú často staré, menej komfortné a spoločné. Častejšie ich opúšťajú ako vlastníci. Traja z desiatich sa stávajú vlastníkmi. Vek a príjem tu hrajú dôležitú úlohu. Sťahovanie častejšie ako v domácnostiach s vyššími príjmami. Nájomníci typu HLM sú menej mobilní. 
610 2 0 |a bývanie 
610 2 0 |a Francúzsko 
610 2 0 |a byty 
610 2 0 |a nájomné 
610 2 0 |a prenájom 
610 2 0 |a údaje štatistické 
610 2 0 |a vlastníctvo 
610 2 0 |a domácnosti 
610 2 0 |a príjmy 
610 2 0 |a používatelia 
100 1 |a Curci, G.